000 00290nam a2200121Ia 4500
008 190216s9999||||xx |||||||||||||| ||und||
100 _aSharma R G
245 0 _aAdvanced Experimental Physical Chemistry
260 _bK Nath & Co
_c1978
300 _a192p
650 _aChemistry
942 _cBK
999 _c2685
_d2685